Vander's human physiology : (Record no. 58259)
[ view plain ]
| 000 -LEADER | |
|---|---|
| fixed length control field | 00650 a2200205 4500 |
| 008 - FIXED-LENGTH DATA ELEMENTS--GENERAL INFORMATION | |
| fixed length control field | 230314b ||||| |||| 00| 0 eng d |
| 020 ## - INTERNATIONAL STANDARD BOOK NUMBER | |
| International Standard Book Number | 9781260085228 |
| 050 ## - LIBRARY OF CONGRESS CALL NUMBER | |
| Classification number | QP34.5 |
| Item number | .W47 2019 |
| 100 ## - MAIN ENTRY--PERSONAL NAME | |
| Personal name | Widmaier, Eric P., |
| 245 ## - TITLE STATEMENT | |
| Title | Vander's human physiology : |
| Remainder of title | the mechanisms of body function. |
| 246 ## - VARYING FORM OF TITLE | |
| Title proper/short title | Human physiology |
| 250 ## - EDITION STATEMENT | |
| Edition statement | 15th ed. |
| 260 ## - PUBLICATION, DISTRIBUTION, ETC. (IMPRINT) | |
| Name of publisher, distributor, etc | McGraw-Hill Education |
| Date of publication, distribution, etc | 2019 |
| Place of publication, distribution, etc | New York, |
| 300 ## - PHYSICAL DESCRIPTION | |
| Extent | xxv, 709 p. : |
| Other physical details | color ill., |
| Dimensions | 28 cm |
| 500 ## - GENERAL NOTE | |
| General note | Includes index. |
| 650 ## - SUBJECT ADDED ENTRY--TOPICAL TERM | |
| Source of heading or term | Human physiology. |
| 650 ## - SUBJECT ADDED ENTRY--TOPICAL TERM | |
| Source of heading or term | Human physiology |
| Form subdivision | Problems, exercises, etc. |
| 700 ## - ADDED ENTRY--PERSONAL NAME | |
| Personal name | a Vander, Arthur J., |
| Dates associated with a name | 1933- |
| 942 ## - ADDED ENTRY ELEMENTS (KOHA) | |
| Item type | Book |
| Source of classification or shelving scheme | Library of Congress Classification |
| Withdrawn status | Lost status | Source of classification or shelving scheme | Damaged status | Not for loan | Collection code | Home library | Current library | Shelving location | Date acquired | Source of acquisition | Cost, normal purchase price | Total Checkouts | Full call number | Barcode | Date last seen | Date last borrowed | Copy number | Price effective from | Koha item type |
|---|---|---|---|---|---|---|---|---|---|---|---|---|---|---|---|---|---|---|---|
| Library of Congress Classification | Non-fiction | Bishop Okullu Memorial Library (Limuru Campus) | Bishop Okullu Memorial Library (Limuru Campus) | General Circulation | 14/03/2023 | Donation | 4267.24 | 3 | QP34.5 .W47 2019 | 069749 | 17/02/2025 | 27/01/2025 | 1 | 14/03/2023 | Book |